000 00960nam a2200277Ia 4500
003 OSt
005 20220918171347.0
006 a|||||r|||| 00| 0
007 ta
008 220917b |||||||| |||| 00| 0 eng d
020 _a9781538102909 (pbk)
_cUKP 29.95
024 _a353,648
037 _b60422, 06/03/2020, Segment Book Distributors
_cTextual
040 _aARTS
_cARTS
_beng
041 _2eng
_aeng
082 _a2:(D65,8(B)), Q8
100 _aArnhem Jolanda Pieta Van Ed.
_936062
245 0 _aAugmented and virtual reality in libraries
260 _aLanham
_bRowman & Littlefield Maryland
_c2018
300 _axv,231p.
_ccm.
650 _aLIBRARY SCIENCE
700 _a Elliott Christine Ed.
_936063
700 _a Rose Marie Ed.
_936064
942 _h2:(D65,8(B)), Q8
_cTEXL
_2CC
999 _c139198
_d139198